000 00357nam a2200133Ia 4500
008 240624s9999 xx 000 0 und d
041 _aeng
082 _a658.4092 BRA
100 _aBRADT GEORGE
245 _aNEW LEADER S 100 DAY ACTION PLAN HOW TO
260 _c2006
_aNew Jersey
_bJohn Wiley and Sons
300 _aix, : 230 : p. : cm. ; 24
365 _c
_b28
999 _c7389
_d7389